| 000 -LEADER |
| fixed length control field |
00542cam a22001217a 4500 |
| 008 - FIXED-LENGTH DATA ELEMENTS--GENERAL INFORMATION |
| fixed length control field |
180718b1996 xxu||||| |||| 00| 0 eng d |
| 082 ## - DEWEY DECIMAL CLASSIFICATION NUMBER |
| Classification number |
PROJ.REP. 1996/WIS |
| 100 ## - MAIN ENTRY--PERSONAL NAME |
| Personal name |
Wishwakarma, R.K. |
| 245 ## - TITLE STATEMENT |
| Title |
Emergency health care load in selected hospitals of Delhi: consultancy sponsored by the ministry of health & family welfare government of India and the world health organisation |
| Statement of responsibility, etc. |
by R.K. Wishwakarma, et.al. |
| 260 ## - PUBLICATION, DISTRIBUTION, ETC. |
| Place of publication, distribution, etc. |
New Delhi |
| Name of publisher, distributor, etc. |
Indian Institute of Public Administration |
| Date of publication, distribution, etc. |
1996 |
| 300 ## - PHYSICAL DESCRIPTION |
| Extent |
128p. |
| 440 ## - SERIES STATEMENT/ADDED ENTRY--TITLE |
| Title |
IIPA Working Paper, 1996: 8 |